<?xml version="1.0" encoding="UTF-8"?>
<record
    xmlns:xsi="http://www.w3.org/2001/XMLSchema-instance"
    xsi:schemaLocation="http://www.loc.gov/MARC21/slim http://www.loc.gov/standards/marcxml/schema/MARC21slim.xsd"
    xmlns="http://www.loc.gov/MARC21/slim">

  <leader>00777nam a2200181 i 4500</leader>
  <controlfield tag="001">BPP</controlfield>
  <controlfield tag="003">BPK</controlfield>
  <controlfield tag="005">20180320080307.0</controlfield>
  <controlfield tag="008">141010s1987    pl     f     |000 0 pol</controlfield>
  <datafield tag="040" ind1=" " ind2=" ">
    <subfield code="c">BPK</subfield>
  </datafield>
  <datafield tag="080" ind1=" " ind2=" ">
    <subfield code="a">669</subfield>
  </datafield>
  <datafield tag="100" ind1=" " ind2=" ">
    <subfield code="a">PIECUCH, Tadeusz.</subfield>
    <subfield code="d">1987 - 1996.</subfield>
    <subfield code="b">Wy&#x17C;sza Szko&#x142;a In&#x17C;ynierska w Koszalinie - Wydzia&#x142; In&#x17C;ynierii L&#x105;dowej i Sanitarnej,</subfield>
    <subfield code="c">Zak&#x142;ad Technologii &#x15A;ciek&#xF3;w i Utylizacji Odpad&#xF3;w Przemys&#x142;owych</subfield>
  </datafield>
  <datafield tag="245" ind1=" " ind2=" ">
    <subfield code="a">Badania i opracowanie technologii odzysku stop&#xF3;w AINiCo ze szlam&#xF3;w poszlifierskich /</subfield>
    <subfield code="c">Tadeusz Piecuch, W. Radzikowski, A. &#x15A;wiech.</subfield>
  </datafield>
  <datafield tag="260" ind1=" " ind2=" ">
    <subfield code="a">Cz&#x119;stochowa :</subfield>
    <subfield code="b">Polskie Towarzystwo Nauk o Ziemi - Oddzia&#x142; Cz&#x119;stochowa,</subfield>
    <subfield code="c">1987.</subfield>
  </datafield>
  <datafield tag="500" ind1=" " ind2=" ">
    <subfield code="a">Dane z bibliografii za&#x142;&#x105;cznikowej.</subfield>
  </datafield>
  <datafield tag="650" ind1=" " ind2="0">
    <subfield code="a">Stopy (metalurg.).</subfield>
  </datafield>
  <datafield tag="942" ind1=" " ind2=" ">
    <subfield code="c">KS</subfield>
    <subfield code="2">UKD</subfield>
  </datafield>
  <datafield tag="999" ind1=" " ind2=" ">
    <subfield code="c">898</subfield>
    <subfield code="d">898</subfield>
  </datafield>
</record>
